| 000 | 007890000a22001330004500 | ||
|---|---|---|---|
| 773 | 0 | _tEvangel | |
| 100 | 1 | _aDray, John R. P. | |
| 245 | 1 | 0 | _aChurch and Chapel in a Cornish Mining Parish: 1743 to the Death of John Wesley |
| 300 | _aVol.26, núm. 2 (Summer, 2008), Páginas 48-61 | ||
| 500 | _aEl resultado de un estudio por el autor lleva a algunas conclusiones controversiales y desafia algunos aspectos de la historiografía del cristianismo y sociedad de la población de Cornish en el siglo 18. | ||
| 520 | _a1. Introducción 2. La iglesia Anglicana en Gwennap 3. La relación entre el metodismo y el anglicanismo 4. La fundación y desarrollo de la Sociedad Metodista 5. Los miembros de la Sociedad Metodista 6. Conclusiones | ||
| 650 | 1 | 4 | _aIGLESIA-INGLATERRA-SIGLO 18 |
| 942 | _cANA | ||
| 999 |
_c62778 _d62778 |
||